00597nam a22001817a 450000500170000001000150001702000270003203500140005903700130007308200150008610000220010124501480012326000400027127000450031130000220035650000190037870000180039720161124160201.0 aENG-116642 a9788184845334c1280.00 aEN-100174 bDBAD/PUB a791.430954 aGautam, Daya Nand aCinema and society :cedited by Daya Nand Gautam ; foreword by Balwant Kumarbits influence and importance in different spheres of human life / aNew DelhibRegal Publicationsc2016 aF-159, Rajouri GardenbNew Delhie110041 ax,287p.c22cm(Hb) aIncludes index aBalwant Kumar